|
|
|
|
| LEADER |
00000cam a22000004a 4500 |
| 001 |
musev2_5598 |
| 003 |
MdBmJHUP |
| 005 |
20230905040650.0 |
| 006 |
m o d |
| 007 |
cr||||||||nn|n |
| 008 |
070720s2005 cc o 00 0 eng d |
| 010 |
|
|
|z 2007320479
|
| 020 |
|
|
|a 9789882201125
|
| 020 |
|
|
|z 9789622097285
|
| 035 |
|
|
|a (OCoLC)651025096
|
| 040 |
|
|
|a MdBmJHUP
|c MdBmJHUP
|
| 050 |
0 |
4 |
|a LC1091
|b .E467 2005
|
| 245 |
0 |
0 |
|a Education for Social Citizenship :
|b Perceptions of Teachers in the USA, Australia, England, Russia and China /
|c edited by W.O. Lee and Jeffrey T. Fouts.
|
| 264 |
|
1 |
|a Hong Kong :
|b Hong Kong University Press,
|c 2005.
|
| 264 |
|
3 |
|a Baltimore, Md. :
|b Project MUSE,
|c 2012
|
| 264 |
|
4 |
|c ©2005.
|
| 300 |
|
|
|a 1 online resource (304 pages).
|
| 336 |
|
|
|a text
|b txt
|2 rdacontent
|
| 337 |
|
|
|a computer
|b c
|2 rdamedia
|
| 338 |
|
|
|a online resource
|b cr
|2 rdacarrier
|
| 504 |
|
|
|a Includes bibliographical references (p. [263]-281) and index.
|
| 505 |
0 |
0 |
|a Cross-national citizenship study : background and methodology / W.O. Lee and Jeffrey T. Fouts -- Concepts of citizenship : from personal rights to social responsibility / Jeffrey T. Fouts and W.O. Lee -- Teachers' perceptions of citizenship in the United States / Carol Brown -- Teachers' perceptions of citizenship in Australia / Warren Prior -- Teachers' perceptions of citizenship in England / Ian Davies, Ian Gregory and Shirley C. Riley -- Teachers' perceptions of citizenship in Russia / Maria Jacobson Ellis and Carol Brown -- Teachers' perceptions of citizenship in China -- Cross-national comparisons and conclusions : teachers' perceptions towards social citizenship / W.O. Lee.
|
| 588 |
|
|
|a Description based on print version record.
|
| 650 |
|
0 |
|a Civics
|x Study and teaching.
|
| 650 |
|
0 |
|a Citizenship
|x Study and teaching.
|
| 655 |
|
7 |
|a Electronic books.
|2 local
|
| 700 |
1 |
|
|a Fouts, Jeffrey T.
|
| 700 |
1 |
|
|a Lee, W. O.,
|d 1954-
|
| 710 |
2 |
|
|a Project Muse.
|e distributor
|
| 830 |
|
0 |
|a Book collections on Project MUSE.
|
| 856 |
4 |
0 |
|z Texto completo
|u https://projectmuse.uam.elogim.com/book/5598/
|
| 945 |
|
|
|a Project MUSE - Custom Collection
|
| 945 |
|
|
|a Project MUSE - Archive Complete Foundation
|
| 945 |
|
|
|a Project MUSE - Archive Political Science and Policy Studies Foundation
|